[Event "Olympiad Women-41"]
[Site "Tromsoe"]
[Date "2014.08.04"]
[Round "3.3"]
[White "Ilhom, Mootribai"]
[Black "Stojanovic, Marija R"]
[Result "1/2-1/2"]
[WhiteElo "1698"]
[BlackElo "2100"]
[PlyCount "45"]
[EventDate "2014.08.02"]
[EventType "team-swiss"]
[EventRounds "11"]
[EventCountry "NOR"]
[SourceTitle "CBM 162"]
[Source "ChessBase"]
[SourceDate "2014.09.17"]
[SourceVersion "1"]
[SourceVersionDate "2014.09.17"]
[SourceQuality "1"]
[WhiteTeam "Tajikistan (W)"]
[BlackTeam "Montenegro (W)"]
[WhiteTeamCountry "TJK"]
[BlackTeamCountry "MNE"]

1. e4 c5 2. Nf3 d6 3. d4 cxd4 4. Nxd4 Nf6 5. Nc3 a6 6. Bg5 e6 7. f4 Nbd7 8. Qf3 Qc7 9. g4 Be7 10. 0-0-0 h6 11. Bxf6 gxf6 12. h4 Nb6 13. g5 hxg5 14. hxg5 Rxh1 15. Qxh1 fxg5 16. Qh8+ Bf8 17. fxg5 Qc5 18. Qg8 Qe5 19. Nf3 Qf4+ 20. Nd2 Qe5 21. Nf3 Qf4+ 22. Nd2 Qe5 23. Nf3 1/2-1/2

[Event "ASEAN-ch U18 Girls 15th"]
[Site "Taipa"]
[Date "2014.06.08"]
[Round "7"]
[White "Loboda, Diana"]
[Black "Ilhom, Mootribai"]
[Result "1-0"]
[WhiteElo "1701"]
[BlackElo "1709"]
[PlyCount "89"]
[EventDate "2014.06.04"]
[EventType "tourn"]
[EventRounds "9"]
[EventCountry "MAC"]
[SourceTitle "CBM 160 Extra"]
[Source "ChessBase"]
[SourceDate "2014.07.01"]
[SourceVersion "1"]
[SourceVersionDate "2014.07.01"]
[SourceQuality "1"]

1. Nf3 Nf6 2. d4 g6 3. c4 Bg7 4. Nc3 d6 5. e4 0-0 6. Be2 Nc6 7. Bg5 e5 8. d5 Ne7 9. Nd2 h6 10. Be3 a5 11. b3 Nd7 12. 0-0 f5 13. f3 Nf6 14. a3 f4 15. Bf2 g5 16. Rb1 h5 17. b4 Kf7 18. c5 axb4 19. axb4 Rh8 20. Nb5 g4 21. Kh1 g3 22. Bg1 h4 23. Re1 h3 24. Bf1 Nh5 25. cxd6 cxd6 26. Nc4 gxh2 27. Nbxd6+ Kf8 28. Bf2 hxg2+ 29. Bxg2 Ng3+ 30. Bxg3 fxg3 31. Nxc8 Rxc8 32. Ne3 Rc3 33. Qd2 Rc8 34. Qb2 Qd7 35. Nf1 Rh3 36. Rbc1 Ng6 37. Bxh3 Rxc1 38. Bxd7 Rxe1 39. Qg2 Bh6 40. Bh3 Bf4 41. Qc2 Nh4 42. Qc8+ Kf7 43. Qg4 Ng6 44. d6 Rd1 45. d7 1-0

[Event "Wch U16 Girls"]
[Site "Al Ain"]
[Date "2013.12.21"]
[Round "5"]
[White "Kavya, Srishti K"]
[Black "Ilhom, Mootribai"]
[Result "0-1"]
[WhiteElo "1442"]
[BlackElo "1702"]
[PlyCount "66"]
[EventDate "2013.12.18"]
[EventType "swiss"]
[EventRounds "11"]
[EventCountry "UAE"]
[SourceTitle "CBM 158 Extra"]
[Source "ChessBase"]
[SourceDate "2014.02.28"]
[SourceVersion "1"]
[SourceVersionDate "2014.02.28"]
[SourceQuality "1"]

1. d4 Nf6 2. Nf3 g6 3. e3 Bg7 4. c4 0-0 5. Nc3 d6 6. h3 Nc6 7. d5 Nb8 8. e4 e5 9. Bd3 Nbd7 10. Be3 Ne8 11. Qc2 Ndf6 12. 0-0 Nh5 13. Qe2 Qe7 14. Rac1 Bh8 15. b4 Nhg7 16. Nh2 f5 17. exf5 gxf5 18. Rfd1 e4 19. Bf4 Qh4 20. Bxe4 Qxf4 21. Bb1 Nf6 22. Nf3 Bd7 23. a3 Rae8 24. Qc2 Ne4 25. Rd4 Nh5 26. Ne2 Qh6 27. Rdd1 Nf4 28. Nxf4 Qxf4 29. c5 Nc3 30. Re1 Ba4 31. Qd3 Bb5 32. Qd2 Qxd2 33. Nxd2 Ne2+ 0-1

[Event "Wch U16 Girls"]
[Site "Al Ain"]
[Date "2013.??.??"]
[Round "4"]
[White "Ilhom, Mootribai"]
[Black "Saikhanzaya, Ganbaatar"]
[Result "0-1"]
[WhiteElo "1702"]
[BlackElo "1939"]
[PlyCount "72"]
[EventDate "2013.12.18"]
[EventType "swiss"]
[EventRounds "11"]
[EventCountry "UAE"]
[SourceTitle "CBM 158 Extra"]
[Source "ChessBase"]
[SourceDate "2014.02.28"]
[SourceVersion "1"]
[SourceVersionDate "2014.02.28"]
[SourceQuality "1"]

1. e4 e6 2. d4 d5 3. e5 c5 4. c3 Nc6 5. Nf3 Qb6 6. Bd3 cxd4 7. cxd4 Bd7 8. Bc2 Rc8 9. a3 Nge7 10. Nc3 Na5 11. 0-0 Nc4 12. Rb1 Qc7 13. Bd3 b6 14. Ne2 h6 15. Nh4 g5 16. Nf3 Nf5 17. g4 Ng7 18. h4 Be7 19. hxg5 hxg5 20. Nxg5 f6 21. Bg6+ Kf8 22. Nh7+ Rxh7 23. Bxh7 fxe5 24. Bh6 Kf7 25. Nf4 Rh8 26. Qd3 e4 27. Bg6+ Kg8 28. Qh3 Qxf4 29. Bxf4 Rxh3 30. Kg2 Rf3 31. Bh6 Rf6 32. Bxg7 Kxg7 33. Bh5 Bd6 34. Rfd1 e3 35. f3 Nd2 36. Rbc1 Nxf3 0-1

[Event "Wch U16 Girls"]
[Site "Al Ain"]
[Date "2013.??.??"]
[Round "2"]
[White "Zahn, Alina"]
[Black "Ilhom, Mootribai"]
[Result "1-0"]
[WhiteElo "1983"]
[BlackElo "1702"]
[PlyCount "101"]
[EventDate "2013.12.18"]
[EventType "swiss"]
[EventRounds "11"]
[EventCountry "UAE"]
[SourceTitle "CBM 158 Extra"]
[Source "ChessBase"]
[SourceDate "2014.02.28"]
[SourceVersion "1"]
[SourceVersionDate "2014.02.28"]
[SourceQuality "1"]

1. e4 c5 2. Nf3 d6 3. d4 cxd4 4. Nxd4 Nf6 5. f3 g6 6. c4 Bg7 7. Nc3 Nc6 8. Be3 Bd7 9. Nc2 0-0 10. Qd2 Ne5 11. Rc1 Rc8 12. b3 a5 13. Be2 Bc6 14. 0-0 Qc7 15. Rfe1 e6 16. Na3 Qe7 17. Nab5 Ne8 18. Red1 Bxb5 19. Nxb5 Nc6 20. Bf1 a4 21. b4 Rd8 22. a3 f5 23. exf5 gxf5 24. Bg5 Bf6 25. Bh6 Bg7 26. Bxg7 Qxg7 27. Qe1 Rf6 28. f4 Rg6 29. Rc3 e5 30. fxe5 dxe5 31. Rxd8 Nxd8 32. Qd1 Ne6 33. Qxa4 e4 34. Qa8 Qd7 35. c5 Nd4 36. Nd6 Kf8 37. Nxe8 Qxe8 38. Qxe8+ Kxe8 39. Rc4 Nf3+ 40. Kf2 Nd2 41. Rc1 Nxf1 42. Kxf1 Kd7 43. a4 Ra6 44. Ra1 Ke6 45. a5 Kd5 46. b5 Ra8 47. c6 bxc6 48. b6 c5 49. b7 Rg8 50. Rb1 Rb8 51. a6 1-0

[Event "Olympiad Women-40"]
[Site "Istanbul"]
[Date "2012.09.05"]
[Round "8.3"]
[White "Longson, Sarah N"]
[Black "Ilhom, Mootribai"]
[Result "1-0"]
[WhiteElo "2120"]
[BlackElo "1705"]
[PlyCount "53"]
[EventDate "2012.08.28"]
[EventType "team-swiss"]
[EventRounds "11"]
[EventCountry "TUR"]
[SourceTitle "CBM 150 Extra"]
[Source "ChessBase"]
[SourceDate "2012.10.19"]
[SourceVersion "1"]
[SourceVersionDate "2012.10.19"]
[SourceQuality "1"]
[WhiteTeam "England (W)"]
[BlackTeam "Tajikistan (W)"]
[WhiteTeamCountry "ENG"]
[BlackTeamCountry "TJK"]

1. e4 e6 2. d4 d5 3. Nc3 Nf6 4. Bg5 dxe4 5. Nxe4 Nbd7 6. Nxf6+ Nxf6 7. Nf3 h6 8. Bh4 c5 9. c3 cxd4 10. Nxd4 e5 11. Nb5 a6 12. Qxd8+ Kxd8 13. 0-0-0+ Bd7 14. Bxf6+ gxf6 15. g3 h5 16. Bh3 axb5 17. Rxd7+ Ke8 18. Rhd1 Bc5 19. Rxb7 Bxf2 20. Rdd7 Rh7 21. Bf5 Rg7 22. Rd6 Be3+ 23. Kb1 Bg5 24. Rxb5 h4 25. g4 Rg8 26. h3 Kf8 27. Rb7 1-0

[Event "Olympiad Women-40"]
[Site "Istanbul"]
[Date "2012.09.01"]
[Round "5.3"]
[White "Oh, Minah"]
[Black "Ilhom, Mootribai"]
[Result "0-1"]
[WhiteElo "1522"]
[BlackElo "1705"]
[PlyCount "96"]
[EventDate "2012.08.28"]
[EventType "team-swiss"]
[EventRounds "11"]
[EventCountry "TUR"]
[SourceTitle "CBM 150 Extra"]
[Source "ChessBase"]
[SourceDate "2012.10.19"]
[SourceVersion "1"]
[SourceVersionDate "2012.10.19"]
[SourceQuality "1"]
[WhiteTeam "South Korea (W)"]
[BlackTeam "Tajikistan (W)"]
[WhiteTeamCountry "KOR"]
[BlackTeamCountry "TJK"]

1. e4 e6 2. d4 d5 3. exd5 exd5 4. Bd3 Bd6 5. Nf3 Nf6 6. 0-0 Be6 7. Bg5 Nbd7 8. c3 c6 9. Nbd2 Qc7 10. Qc2 h6 11. Bh4 Nh5 12. Rfe1 0-0 13. Bg3 Nxg3 14. hxg3 Nf6 15. Ne5 Ng4 16. Ndf3 Rfe8 17. Re2 c5 18. Rae1 Nf6 19. dxc5 Bxc5 20. a3 Nd7 21. Qb1 Bd6 22. Bb5 Red8 23. Nxd7 Bxd7 24. Bxd7 Qxd7 25. Qd3 Bc5 26. Ne5 Qc7 27. Nf3 Qc6 28. Nd4 Bxd4 29. Qxd4 Qc4 30. Qd1 Kf8 31. Re7 Re8 32. Rxb7 Rxe1+ 33. Qxe1 Re8 34. Qf1 Qc5 35. Qd1 a6 36. Qh5 Re1+ 37. Kh2 Qxf2 38. Qxd5 Qg1+ 39. Kh3 Qh1+ 40. Kg4 h5+ 41. Kg5 Re5+ 42. Qxe5 f6+ 43. Qxf6+ gxf6+ 44. Kxf6 Qf1+ 45. Kg6 Qxg2 46. Rb8+ Ke7 47. Kxh5 Qxg3 48. Rb7+ Kf6 0-1

[Event "Olympiad Women-40"]
[Site "Istanbul"]
[Date "2012.08.30"]
[Round "3.3"]
[White "Hakimifard, Ghazal"]
[Black "Ilhom, Mootribai"]
[Result "1-0"]
[WhiteElo "2249"]
[BlackElo "1705"]
[PlyCount "31"]
[EventDate "2012.08.28"]
[EventType "team-swiss"]
[EventRounds "11"]
[EventCountry "TUR"]
[SourceTitle "CBM 150 Extra"]
[Source "ChessBase"]
[SourceDate "2012.10.19"]
[SourceVersion "1"]
[SourceVersionDate "2012.10.19"]
[SourceQuality "1"]
[WhiteTeam "Iran (W)"]
[BlackTeam "Tajikistan (W)"]
[WhiteTeamCountry "IRI"]
[BlackTeamCountry "TJK"]

1. e4 e6 2. d4 d5 3. Nd2 Nc6 4. Ngf3 Nf6 5. e5 Nd7 6. Be2 f6 7. exf6 Nxf6 8. 0-0 Bd6 9. Re1 0-0 10. c4 e5 11. dxe5 Bxe5 12. cxd5 Nxd5 13. Bc4 Bf4 14. Nf1 Nce7 15. Rxe7 Qxe7 16. Qxd5+ 1-0

[Event "Olympiad Women-40"]
[Site "Istanbul"]
[Date "2012.08.28"]
[Round "1.3"]
[White "Ilhom, Mootribai"]
[Black "Skinke, Katrina"]
[Result "0-1"]
[WhiteElo "1705"]
[BlackElo "2226"]
[PlyCount "70"]
[EventDate "2012.08.28"]
[EventType "team-swiss"]
[EventRounds "11"]
[EventCountry "TUR"]
[SourceTitle "CBM 150 Extra"]
[Source "ChessBase"]
[SourceDate "2012.10.19"]
[SourceVersion "1"]
[SourceVersionDate "2012.10.19"]
[SourceQuality "1"]
[WhiteTeam "Tajikistan (W)"]
[BlackTeam "Latvia (W)"]
[WhiteTeamCountry "TJK"]
[BlackTeamCountry "LAT"]

1. e4 d6 2. d4 Nf6 3. Nc3 g6 4. g3 Bg7 5. Bg2 0-0 6. Nge2 Nbd7 7. 0-0 c5 8. d5 Rb8 9. a4 b6 10. Rb1 a6 11. h3 b5 12. axb5 axb5 13. b4 cxb4 14. Rxb4 Qa5 15. Rb2 b4 16. Ra2 Qc7 17. Nb1 Qc4 18. Ra4 Nxe4 19. Na3 Qc7 20. Nb1 Nec5 21. Ra2 Ba6 22. Bb2 Ne5 23. Nd2 Ra8 24. Ra1 Nf3+ 25. Bxf3 Bxb2 26. Rb1 Na4 27. Re1 Bxe2 28. Qxe2 Nc3 29. Qxe7 Qxe7 30. Rxe7 Nxb1 31. Nxb1 Ra1 32. Re1 Rc8 33. Kg2 Rxc2 34. Be4 Rc1 35. Re2 Rcxb1 0-1

[Event "Olympiad Women-39"]
[Site "Khanty-Mansiysk"]
[Date "2010.09.23"]
[Round "3.47"]
[White "Elshereif, Mada"]
[Black "Ilhom, Mootribai"]
[Result "1-0"]
[WhiteElo "1766"]
[BlackElo "1639"]
[PlyCount "109"]
[EventDate "2010.09.21"]
[EventType "team-swiss"]
[EventRounds "11"]
[EventCountry "RUS"]
[SourceTitle "CBM 139"]
[Source "ChessBase"]
[SourceDate "2010.11.18"]
[SourceVersion "1"]
[SourceVersionDate "2010.11.18"]
[SourceQuality "1"]
[WhiteTeam "Yemen (W)"]
[BlackTeam "Tajikistan (W)"]
[WhiteTeamCountry "YEM"]
[BlackTeamCountry "TJK"]

1. e4 d5 2. exd5 Qxd5 3. Nc3 Qd8 4. d4 c6 5. Nf3 Bg4 6. Be3 Nf6 7. Bd3 e6 8. 0-0 Be7 9. Qe2 Nd5 10. Rad1 Qa5 11. Nxd5 Qxd5 12. c4 Bxf3 13. gxf3 Qd8 14. f4 0-0 15. f5 exf5 16. Bxf5 g6 17. Bc2 Bg5 18. f4 Bf6 19. Qg4 Re8 20. Rf3 Qb6 21. f5 Qxb2 22. Bb1 Qe2 23. Rd3 Qe1+ 24. Rf1 Qh4 25. Qxh4 Bxh4 26. fxg6 fxg6 27. Bh6 Nd7 28. Rdf3 Bf6 29. Rxf6 Nxf6 30. Rxf6 Re1+ 31. Rf1 Rae8 32. Bd3 Rxf1+ 33. Kxf1 Kf7 34. Bg5 Kg7 35. Kf2 h6 36. Bd2 g5 37. Kg3 Kf6 38. h4 Rg8 39. hxg5+ hxg5 40. Kg4 Rg7 41. d5 Rg8 42. dxc6 bxc6 43. Be3 a6 44. Be4 Ke5 45. Bxc6 a5 46. Bd5 Rb8 47. Bd2 a4 48. Kxg5 Rb1 49. Bc3+ Kd6 50. Kf5 Kc5 51. Ke5 a3 52. Bd4+ Kb4 53. Kd6 Rc1 54. c5 Kb5 55. c6 1-0